<?xml version="1.0" encoding="UTF-8"?>
<record
    xmlns:xsi="http://www.w3.org/2001/XMLSchema-instance"
    xsi:schemaLocation="http://www.loc.gov/MARC21/slim http://www.loc.gov/standards/marcxml/schema/MARC21slim.xsd"
    xmlns="http://www.loc.gov/MARC21/slim">

  <leader>02078naa a22003137a 4500</leader>
  <controlfield tag="001">7199</controlfield>
  <controlfield tag="003">BPK</controlfield>
  <controlfield tag="005">20190610114327.0</controlfield>
  <controlfield tag="008">141020b2010    pl a|||| |||| 10| 0 pol  </controlfield>
  <datafield tag="040" ind1=" " ind2=" ">
    <subfield code="c">BPK</subfield>
    <subfield code="d">KOSZ 005/EG</subfield>
    <subfield code="d">KOSZ 005/ac</subfield>
  </datafield>
  <datafield tag="041" ind1=" " ind2=" ">
    <subfield code="a">pol</subfield>
    <subfield code="b">eng</subfield>
  </datafield>
  <datafield tag="044" ind1=" " ind2=" ">
    <subfield code="a">pl</subfield>
  </datafield>
  <datafield tag="080" ind1=" " ind2=" ">
    <subfield code="a">621.92</subfield>
  </datafield>
  <datafield tag="100" ind1="1" ind2=" ">
    <subfield code="a">KACALAK, Wojciech.</subfield>
    <subfield code="d">1996 - .</subfield>
    <subfield code="b">Politechnika Koszali&#x144;ska - Wydzia&#x142; Mechaniczny,</subfield>
    <subfield code="c">Katedra Mechaniki Precyzyjnej</subfield>
  </datafield>
  <datafield tag="245" ind1="1" ind2="0">
    <subfield code="a">Wybrane problemy maksymalizacji wydajnosci mikro- i nanoszlifowania dla ogranicze&#x144; na&#x142;o&#x17C;onych na okre&#x15B;lone parametry chropowato&#x15B;ci powierzchni /</subfield>
    <subfield code="c">Wojciech Kacalak, Filip Szafraniec, Tomasz Kr&#xF3;likowski, Rados&#x142;aw Kunc, Hanna Rembelska.</subfield>
  </datafield>
  <datafield tag="246" ind1="3" ind2="1">
    <subfield code="a">Selected problems of the maximalization of efficiency micro- and nanogrinding for limitations put on definite parameters of the surface roughness</subfield>
  </datafield>
  <datafield tag="500" ind1=" " ind2=" ">
    <subfield code="a">Dane z autopsji.</subfield>
  </datafield>
  <datafield tag="520" ind1=" " ind2=" ">
    <subfield code="a">W publikacji przedstawiono wyniki optymalizacji proces&#xF3;w mikroszlifowania oraz metodyk&#x119; doboru parametr&#xF3;w dla r&#xF3;&#x17C;nych warunk&#xF3;w ograniczaj&#x105;cych. Podano r&#xF3;wnie&#x17C; wyniki analiz dotycz&#x105;cych oszacowania aktywno&#x15B;ci ziaren na czynnej powierzchni &#x15B;ciernicy.</subfield>
  </datafield>
  <datafield tag="655" ind1=" " ind2="0">
    <subfield code="a">Materia&#x142;y konferencyjne.</subfield>
  </datafield>
  <datafield tag="650" ind1=" " ind2="0">
    <subfield code="a">Chropowato&#x15B;&#x107;</subfield>
  </datafield>
  <datafield tag="650" ind1=" " ind2="0">
    <subfield code="a">Szlifowanie</subfield>
  </datafield>
  <datafield tag="650" ind1=" " ind2="0">
    <subfield code="a">In&#x17C;ynieria powierzchni</subfield>
  </datafield>
  <datafield tag="700" ind1="1" ind2=" ">
    <subfield code="a">KR&#xD3;LIKOWSKI, Tomasz.</subfield>
    <subfield code="d">1997 - .</subfield>
    <subfield code="b">Politechnika Koszali&#x144;ska - Wydzia&#x142; Mechaniczny,</subfield>
    <subfield code="c">Katedra Mechaniki Precyzyjnej</subfield>
  </datafield>
  <datafield tag="700" ind1="1" ind2=" ">
    <subfield code="a">SZAFRANIEC, Filip.</subfield>
    <subfield code="d">2013 - ;</subfield>
    <subfield code="b">Politechnika Koszali&#x144;ska - Wydzia&#x142; Mechaniczny,</subfield>
    <subfield code="c">Katedra Mechaniki Precyzyjnej</subfield>
  </datafield>
  <datafield tag="700" ind1="1" ind2=" ">
    <subfield code="a">KUNC, Rados&#x142;aw.</subfield>
    <subfield code="b">Politechnika Koszali&#x144;ska - Wydzia&#x142; Mechaniczny,</subfield>
    <subfield code="c">Katedra Mechaniki Precyzyjnej</subfield>
  </datafield>
  <datafield tag="700" ind1="1" ind2=" ">
    <subfield code="a">REMELSKA, Hanna.</subfield>
    <subfield code="b">Politechnika Koszali&#x144;ska - Wydzia&#x142; Mechaniczny,</subfield>
    <subfield code="c">Katedra Mechaniki Precyzyjnej</subfield>
  </datafield>
  <datafield tag="773" ind1="0" ind2=" ">
    <subfield code="i">W :</subfield>
    <subfield code="t">Podstawy i technika obr&#xF3;bki &#x15B;ciernej / pod red. A. Go&#x142;&#x105;bczaka i B. Kruszy&#x144;skiego. -</subfield>
    <subfield code="d">&#x141;&#xF3;d&#x17A; : Politechnika &#x141;&#xF3;dzka, 2010. -</subfield>
    <subfield code="g">s. 229-240</subfield>
    <subfield code="k">Monografia Wydzia&#x142;u Mechanicznego / Politechnika &#x141;&#xF3;dzka</subfield>
    <subfield code="z">83-920269-4-2</subfield>
  </datafield>
  <datafield tag="942" ind1=" " ind2=" ">
    <subfield code="c">ROZ</subfield>
    <subfield code="2">UKD</subfield>
  </datafield>
  <datafield tag="999" ind1=" " ind2=" ">
    <subfield code="c">7199</subfield>
    <subfield code="d">7199</subfield>
  </datafield>
  <datafield tag="952" ind1=" " ind2=" ">
    <subfield code="0">0</subfield>
    <subfield code="1">0</subfield>
    <subfield code="4">0</subfield>
    <subfield code="7">0</subfield>
    <subfield code="a">BPK</subfield>
    <subfield code="b">BPK</subfield>
    <subfield code="o">104285</subfield>
    <subfield code="y">ROZ</subfield>
  </datafield>
</record>
